[Event "Darek Jacek Zaucha"]
[Site "SchemingMind.com"]
[Date "2016.04.10"]
[Round "-"]
[White "frankly"]
[Black "clare1347"]
[Result "1-0"]
[WhiteCountry "ENG"]
[BlackCountry "ENG"]
[WhiteElo "2468"]
[WhiteRD "55"]
[BlackElo "2239"]
[BlackRD "83"]
[GameID "397704"]

1. e4 e5 2. Nf3 Nc6 3. Bb5 a6 4. Ba4 Nf6 5. O-O Be7 6. Re1 b5 7. Bb3 O-O 8. a4 b4 9. d3 d6 10. a5 Be6
11. Nbd2 Qb8 12. Bxe6 fxe6 13. c3 Qb5 14. Qb3 Nd8 15. c4 Qb7 16. c5 Nd7 17. cxd6 cxd6 18. Nc4 Nc5 19. Qc2 Rc8 20. b3 Nd7
21. Qd1 Nc6 22. Be3 Rcd8 23. Nb6 Nxb6 24. axb6 d5 25. Rc1 dxe4 26. Qc2 exf3 27. Qxc6 Qxc6 28. Rxc6 Rxd3 29. Rec1 Rd7 30. gxf3 h5
31. Rc7 Rxc7 32. Rxc7 Bd6 33. Rc6 Bb8 34. Bc5 Re8 35. Bxb4 Kf7 36. b7
1-0

[Event "Darek Jacek Zaucha"]
[Site "SchemingMind.com"]
[Date "2016.04.28"]
[Round "-"]
[White "Stephen Woodhouse"]
[Black "JAHI"]
[Result "0-1"]
[WhiteCountry "ENG"]
[BlackCountry "INT"]
[WhiteElo "1831"]
[WhiteRD "52"]
[BlackElo "2113"]
[BlackRD "56"]
[GameID "398561"]

1. e4 e6 2. d4 d6 3. Nc3 d5 4. e5 c6 5. f4 c5 6. Nf3 Nc6 7. Be3 b6 8. Bb5 Bd7 9. Kf2 Qc7 10. Qd2 g6
11. g4 c4 12. h4 a6 13. Bxc6 Qxc6 14. h5 Ne7 15. hxg6 fxg6 16. Ng5 h6 17. Nf3 Bg7 18. f5 exf5 19. Bxh6 Bxh6 20. Rxh6 Rf8
21. gxf5 Bxf5 22. Kg3 Bxc2 23. Qxc2 Nf5+
0-1

[Event "Darek Jacek Zaucha"]
[Site "SchemingMind.com"]
[Date "2016.04.28"]
[Round "-"]
[White "JAHI"]
[Black "Stephen Woodhouse"]
[Result "1/2-1/2"]
[WhiteCountry "INT"]
[BlackCountry "ENG"]
[WhiteElo "2074"]
[WhiteRD "58"]
[BlackElo "1849"]
[BlackRD "52"]
[GameID "398562"]

1. g3 d5 2. Bg2 Nf6 3. d3 Bf5 4. e3 c6 5. d4 Nbd7 6. b3 e5 7. Bb2 Bb4+ 8. c3 Bd6 9. c4 exd4 10. exd4 Qe7+
11. Qe2 O-O 12. Qxe7 Bxe7 13. Ne2 Ne4 14. Nbc3 Ndf6 15. Bxe4 Bxe4 16. Nxe4 Nxe4 17. c5 Rae8 18. f3 Ng5 19. Kf2 Bf6 20. Nf4 Ne6
21. Nxe6 Rxe6 22. Rae1 Rfe8 23. Bc3 Rxe1 24. Rxe1 Rxe1 25. Kxe1 Bg5=
1/2-1/2

[Event "Darek Jacek Zaucha"]
[Site "SchemingMind.com"]
[Date "2016.05.09"]
[Round "-"]
[White "Helga1946"]
[Black "Chessibelle"]
[Result "1-0"]
[WhiteCountry "GER"]
[BlackCountry "ENG"]
[WhiteElo "2367"]
[WhiteRD "79"]
[BlackElo "1195"]
[BlackRD "64"]
[GameID "399013"]

1. e4 e5 2. Nf3 Nc6 3. Bb5 Nf6 4. d3 d6 5. Bxc6+ bxc6 6. Nbd2 Be7 7. a3 O-O 8. Qe2 c5 9. b3 Bg4 10. h3 Be6
11. Ng5 Bd7 12. Ngf3 c6 13. Nf1 Qa5+ 14. Bd2 Qb6 15. a4 d5 16. Nxe5 Be8 17. Ng4 Nd7 18. exd5 Bd6 19. Nfe3 Ne5 20. Nxe5 Bxe5
21. Nc4 Qd8 22. Qxe5 f6 23. Qe6+ Bf7 24. Qxc6 Qe7+ 25. Kf1 Rfe8 26. d6 Qe2+ 27. Kg1 Rad8 28. Re1 Qh5 29. Rxe8+ Bxe8 30. Qc7 Rd7
31. Qc8 Kf8 32. Kh2 g5 33. Re1 g4 34. Bh6+ Kf7 35. Qxe8#
1-0

[Event "Darek Jacek Zaucha"]
[Site "SchemingMind.com"]
[Date "2016.05.09"]
[Round "-"]
[White "Chessibelle"]
[Black "Helga1946"]
[Result "0-1"]
[WhiteCountry "ENG"]
[BlackCountry "GER"]
[WhiteElo "1195"]
[WhiteRD "64"]
[BlackElo "2367"]
[BlackRD "79"]
[GameID "399014"]

1. Nf3 d5 2. d4 c6 3. Nc3 Bf5 4. e3 Nf6 5. Be2 Nbd7 6. Bd2 h6 7. g3 Qc7 8. Nh4 Bh3 9. Bf3 e5 10. Qe2 e4
11. Bh5 g5 12. Ng6 fxg6 13. Bxg6+ Kd8 14. O-O-O Bg4 15. f3 Bxf3 16. Qf2 Ng4 17. Qg1 Bxh1 18. Qxh1 Nf2 19. Qf1 Nxd1 20. Qf7 Bb4
21. Kxd1 Rf8 22. Qe6 Qd6 23. Qg4 Rf1+ 24. Be1 Qxg6 25. Kd2 Qf6 26. a3 Bxc3+ 27. bxc3 Nb6 28. Qe2 Nc4+ 29. Kd1 Qf3 30. a4 a5
31. Kc1 Qxe2
0-1

[Event "Darek Jacek Zaucha"]
[Site "SchemingMind.com"]
[Date "2016.05.17"]
[Round "-"]
[White "Clive Everill"]
[Black "Wojtek26"]
[Result "0-1"]
[WhiteCountry "CZE"]
[BlackCountry "POL"]
[WhiteElo "1669"]
[WhiteRD "60"]
[BlackElo "1571"]
[BlackRD "49"]
[GameID "399397"]

1. e4 e5 2. f4 exf4 3. Nf3 d6 4. d4 Nf6 5. Nc3 Be7 6. Bxf4 O-O 7. Bd3 Nc6 8. O-O Bg4 9. Be3 Nb4 10. Be2 d5
11. e5 Ne4 12. Nxe4 dxe4 13. Nd2 Bxe2 14. Qxe2 Nxc2 15. Rac1 Nxd4 16. Qc4 Nc6 17. Bf4 g5 18. Bg3 Qxd2 19. Qxe4 Qxb2 20. Rc2 Qb6+
21. Bf2 Qa5 22. Bg3 Bc5+ 23. Kh1 Nd4 24. Rb2 Qa6 25. Rf6 Nc6 26. Rh6 Qf1#
0-1

[Event "Darek Jacek Zaucha"]
[Site "SchemingMind.com"]
[Date "2016.05.18"]
[Round "-"]
[White "Wojtek26"]
[Black "Clive Everill"]
[Result "0-1"]
[WhiteCountry "POL"]
[BlackCountry "CZE"]
[WhiteElo "1571"]
[WhiteRD "49"]
[BlackElo "1669"]
[BlackRD "60"]
[GameID "399398"]

1. d4 d5 2. c4 e5 3. dxe5 d4 4. Nf3 Nc6 5. e3 Bb4+ 6. Bd2 dxe3 7. fxe3 Bg4 8. Be2 Bxf3 9. Bxf3 Qh4+ 10. g3 Qxc4
11. Bxb4 Qxb4+ 12. Qd2 Qxd2+ 13. Nxd2 Nxe5 14. Bxb7 Rb8 15. Bd5 Rxb2 16. Nc4 Nxc4 17. Bxc4 Nf6 18. O-O O-O 19. Rab1 Rfb8 20. Rxb2 Rxb2
21. Rc1 Ng4 22. e4 Nxh2 23. Bb3 Nf3+ 24. Kh1 Rh2#
0-1

[Event "Darek Jacek Zaucha"]
[Site "SchemingMind.com"]
[Date "2016.05.26"]
[Round "-"]
[White "emvarela"]
[Black "Phillip Beckett"]
[Result "1-0"]
[WhiteCountry "ARG"]
[BlackCountry "ENG"]
[WhiteElo "1712"]
[WhiteRD "48"]
[BlackElo "1562"]
[BlackRD "52"]
[GameID "399635"]

1. e4 e5 2. Nf3 Nc6 3. Bb5 a6 4. Bxc6 dxc6 5. O-O Qd6 6. d3 f6 7. Be3 Bg4 8. h3 Bh5 9. a3 g5 10. g4 Bg6
11. Nc3 Qd7 12. Qd2 h5 13. Nh2 hxg4 14. hxg4 Qh7 15. f3 Qh3 16. Qg2 Qxg2+ 17. Kxg2 Ne7 18. Rh1 O-O-O 19. Ne2 Bg7 20. Ng3 Rh4
21. Nf5 Bxf5 22. gxf5 Rdh8 23. Ng4 Rxh1 24. Rxh1 Rxh1 25. Kxh1 Ng8= 26. d4 exd4 27. Bxd4 Kd7 28. Kg2 Ke7 29. Kg3 Kf7 30. f4 gxf4+
31. Kxf4 Ne7 32. e5 fxe5+ 33. Bxe5 Nd5+ 34. Ke4 Bxe5 35. Kxe5 Nb6 36. b3 Nd7+ 37. Kf4 b5 38. Ne5+ Nxe5 39. Kxe5 c5 40. Kd5 c4
41. bxc4 bxc4 42. Kc6 Kf6 43. Kxc7
1-0

[Event "Darek Jacek Zaucha"]
[Site "SchemingMind.com"]
[Date "2016.05.27"]
[Round "-"]
[White "Phillip Beckett"]
[Black "emvarela"]
[Result "0-1"]
[WhiteCountry "ENG"]
[BlackCountry "ARG"]
[WhiteElo "1562"]
[WhiteRD "52"]
[BlackElo "1712"]
[BlackRD "48"]
[GameID "399636"]

1. e4 e5 2. Nf3 Nc6 3. d4 exd4 4. Nxd4 Nxd4 5. Qxd4 Qf6 6. Be3 Qxd4 7. Bxd4 f6 8. Nc3 Bb4 9. a3 Bxc3+ 10. Bxc3 d6
11. Bc4 Ne7 12. O-O-O Bd7 13. Rhe1 Nc6 14. f4 O-O-O 15. g3 Rde8 16. Bb5 a6 17. Bd3 b5 18. Bf1 Kb7 19. Bg2 Re7 20. Bb4 Bg4
21. Rd2 Nxb4 22. axb4 Kb6 23. h3 Bd7 24. Rde2 Rhe8 25. c3 f5 26. e5 dxe5 27. fxe5 Bc6 28. Bxc6 Kxc6 29. Kd2 Kd5 30. e6 Rxe6
31. Rxe6 Rxe6 32. Rd1 Kc4 33. Kc2 Re2+ 34. Rd2 Rxd2+ 35. Kxd2 g5 36. Kc2 f4 37. b3+ Kd5 38. gxf4 gxf4 39. Kd3 Ke5 40. c4 bxc4+
41. bxc4 c6 42. b5 axb5 43. cxb5 cxb5
0-1

[Event "Darek Jacek Zaucha"]
[Site "SchemingMind.com"]
[Date "2016.05.28"]
[Round "-"]
[White "John Hamer"]
[Black "Michal Drus"]
[Result "1-0"]
[WhiteCountry "ENG"]
[BlackCountry "POL"]
[WhiteElo "2048"]
[WhiteRD "76"]
[BlackElo "1488"]
[BlackRD "78"]
[GameID "399741"]

1. d4 d5 2. Nf3 e6 3. c4 Nf6 4. Nc3 dxc4 5. e3 c5 6. Bxc4 a6 7. a4 cxd4 8. exd4 Bb4 9. O-O O-O 10. Bg5 h6
11. Bf4 Nc6 12. Rc1 Nxd4 13. Nxd4 Bxc3 14. bxc3 g5 15. Be5 Kh7 16. Bd3+
1-0

[Event "Darek Jacek Zaucha"]
[Site "SchemingMind.com"]
[Date "2016.05.29"]
[Round "-"]
[White "Michal Drus"]
[Black "John Hamer"]
[Result "0-1"]
[WhiteCountry "POL"]
[BlackCountry "ENG"]
[WhiteElo "1488"]
[WhiteRD "78"]
[BlackElo "2048"]
[BlackRD "76"]
[GameID "399742"]

1. e4 d5 2. exd5 Nf6 3. Bc4 Bg4 4. f3 Bf5 5. Nc3 Nbd7 6. g4 Nb6 7. Bb5+ Bd7 8. g5 Nfxd5 9. Bxd7+ Qxd7 10. Nxd5 Qxd5
11. d3 e6 12. Bd2 Qe5+ 13. Kf2 Bc5+ 14. Kf1 Qd4 15. Qe2 Qxb2
0-1

[Event "Darek Jacek Zaucha"]
[Site "SchemingMind.com"]
[Date "2016.06.04"]
[Round "-"]
[White "John Willis"]
[Black "Quaff"]
[Result "0-1"]
[WhiteCountry "USA"]
[BlackCountry "ENG"]
[WhiteElo "1591"]
[WhiteRD "102"]
[BlackElo "1623"]
[BlackRD "64"]
[GameID "399961"]

1. Nf3 Nf6 2. c4 g6 3. Nc3 Bg7 4. e4 O-O 5. Be2 d6 6. d4 Bg4 7. Be3 Bxf3 8. Bxf3 Nbd7 9. Rc1 a6 10. O-O e6
11. c5 dxc5 12. d5 exd5 13. exd5 Ne5 14. Bxc5 Re8 15. Be2 b6 16. Ba3 Bf8 17. Bxf8 Kxf8 18. h3 c6 19. d6 b5 20. b4 Ra7
21. Rc2 Rd7 22. Rd2 Re6 23. Qc2 Rexd6 24. Rdd1 Rxd1 25. Bxd1 Rd2 26. Qb3 Nc4 27. Be2 Rb2 28. Qd1 Qxd1 29. Bxd1 Rxb4 30. Be2 Nd2
31. Rd1 Nde4 32. Rd8+ Ke7 33. Rd3 Nxc3 34. Rxc3 Rb2 35. Re3+ Kf8 36. Bf3 Rxa2 37. Bxc6 b4 38. Re5 b3 39. Bd5 Nxd5 40. Rxd5 b2
41. Rd1 Ra1 42. Rf1 Rxf1+ 43. Kxf1 b1=Q+
0-1

[Event "Darek Jacek Zaucha"]
[Site "SchemingMind.com"]
[Date "2016.06.04"]
[Round "-"]
[White "Quaff"]
[Black "John Willis"]
[Result "1-0"]
[WhiteCountry "ENG"]
[BlackCountry "USA"]
[WhiteElo "1623"]
[WhiteRD "64"]
[BlackElo "1591"]
[BlackRD "102"]
[GameID "399962"]

1. e4 c5 2. f4 d5 3. e5 Nc6 4. Nf3 Bg4 5. Be2 e6 6. O-O h5 7. h3 Bxf3 8. Bxf3 h4 9. d3 Nge7 10. Bg4 Nf5
11. Bxf5 exf5 12. c3 Qd7 13. Nd2 g5 14. fxg5 Nxe5 15. Nb3 O-O-O 16. Bf4 Bd6 17. Bxe5 Bxe5 18. Nxc5 Qe7 19. d4 Bd6 20. Qf3 Qxg5
21. Qxf5+ Qxf5 22. Rxf5 Bxc5 23. dxc5 Rhf8 24. Rd1 Kc7 25. Rfxd5 Rxd5 26. Rxd5 Kc6 27. Rh5 f5 28. Rxh4 Kxc5 29. Rh7 Re8 30. Rxb7 Re1+
31. Kf2 Re6 32. Rxa7 Kd5 33. b3 Ke4 34. c4 f4 35. c5 Rf6 36. b4 f3 37. a4 fxg2+ 38. Kxg2 Rf3 39. c6 Ke3 40. c7 Rf2+
41. Kg3 Rf3+ 42. Kg4
1-0

[Event "Darek Jacek Zaucha"]
[Site "SchemingMind.com"]
[Date "2016.06.13"]
[Round "-"]
[White "Scooter"]
[Black "paulby"]
[Result "1-0"]
[WhiteCountry "USA"]
[BlackCountry "ENG"]
[WhiteElo "1738"]
[WhiteRD "54"]
[BlackElo "1628"]
[BlackRD "87"]
[GameID "400202"]

1. d4 d5 2. Nf3 Nf6 3. Bf4 c5 4. c3 Nc6 5. e3 Qb6 6. Qb3 c4 7. Qxb6 axb6 8. Nbd2 b5 9. Be2 b4 10. cxb4 Nxb4
11. O-O Bf5 12. a3 Nc6 13. Ne5 e6 14. Ndf3 Bd6 15. Ng6 Bxg6 16. Bxd6 Ne4 17. Be5 O-O 18. Rfd1 b5 19. h3 Na5 20. Re1 Nb3
21. Rad1 Rfb8 22. Bxb8 Rxb8 23. Ne5 Rf8 24. Nxg6 fxg6 25. Bf3 Nd6 26. Bg4 Rf6 27. Bf3 Rf8 28. Bg4 Rf6 29. Rb1 Nd2 30. Rbc1 Nb3
31. Rc2 h5 32. Bd1 Kh7 33. Rce2 Na5 34. Bc2 Nc6 35. a4 b4 36. b3 c3 37. Bd3 Na5 38. Bc2 Rf8 39. e4
1-0

[Event "Darek Jacek Zaucha"]
[Site "SchemingMind.com"]
[Date "2016.06.13"]
[Round "-"]
[White "paulby"]
[Black "Scooter"]
[Result "0-1"]
[WhiteCountry "ENG"]
[BlackCountry "USA"]
[WhiteElo "1628"]
[WhiteRD "87"]
[BlackElo "1738"]
[BlackRD "54"]
[GameID "400203"]

1. d4 Nf6 2. Bf4 g6 3. Nf3 Bg7 4. e3 O-O 5. Be2 d6 6. h3 b6 7. O-O Bb7 8. c3 Nbd7 9. Nbd2 Re8 10. Bh2 e5
11. dxe5 Nxe5 12. Qc2 Nxf3+ 13. Bxf3 Bxf3 14. Nxf3 c5 15. Rfd1 Bf8 16. Qb3 Ne4 17. Rd5 Nf6 18. Rd3 d5 19. Ng5 c4 20. Qd1 cxd3
21. Qxd3 Ne4 22. Nf3 Bd6 23. Bxd6 Qxd6 24. Rd1 Rad8 25. Nd4 Qf6 26. Rf1 Nd6 27. Qa6 Rd7 28. Rd1 Ne4 29. Rf1 Nd2 30. Rd1 Nc4
31. Qb5 Rde7 32. a3 Qg5 33. Qb3 Nxe3 34. fxe3 Qxe3+ 35. Kh2 Qf4+
0-1

[Event "Darek Jacek Zaucha"]
[Site "SchemingMind.com"]
[Date "2016.06.25"]
[Round "-"]
[White "Clive Everill"]
[Black "Helga1946"]
[Result "0-1"]
[WhiteCountry "CZE"]
[BlackCountry "GER"]
[WhiteElo "1709"]
[WhiteRD "57"]
[BlackElo "2353"]
[BlackRD "78"]
[GameID "400755"]

1. Nf3 d5 2. c4 dxc4 3. e3 Be6 4. Ng5 Bd5 5. e4 e6 6. exd5 Qxg5 7. dxe6 fxe6 8. Qa4+ b5 9. Qc2 Qe5+ 10. Be2 Nc6
11. Nc3 Nd4 12. Qd1 b4 13. Na4 Nf6 14. Rb1 Qe4 15. d3 Qxg2 16. Rf1 O-O-O 17. Bd2 cxd3 18. Bxd3 Nf3+ 19. Ke2 Rxd3 20. Kxd3 Ne5+
21. Kc2 b3+ 22. axb3 Qe4+ 23. Kc1 Nd3+ 24. Kc2 Nb4+
0-1

[Event "Darek Jacek Zaucha"]
[Site "SchemingMind.com"]
[Date "2016.06.25"]
[Round "-"]
[White "Helga1946"]
[Black "Clive Everill"]
[Result "1-0"]
[WhiteCountry "GER"]
[BlackCountry "CZE"]
[WhiteElo "2353"]
[WhiteRD "78"]
[BlackElo "1709"]
[BlackRD "57"]
[GameID "400756"]

1. e4 e6 2. d4 c5 3. d5 Nf6 4. dxe6 fxe6 5. e5 Nd5 6. Bd3 g6 7. Nf3 Bg7 8. Be4 Nb6 9. Na3 Nc6 10. Bg5 Ne7
11. Qd6 Nbd5 12. Bxd5 exd5 13. Nb5 Qa5+ 14. c3 Nf5 15. Nc7+ Kf7 16. Qxd5+ Kf8 17. Nxa8 b6 18. Rd1 h6 19. g4 hxg5 20. gxf5 g4
21. Ng5 Ke8 22. Qf7+ Kd8 23. Ne6#
1-0

[Event "Darek Jacek Zaucha"]
[Site "SchemingMind.com"]
[Date "2016.07.19"]
[Round "-"]
[White "John Hamer"]
[Black "frankly"]
[Result "1/2-1/2"]
[WhiteCountry "ENG"]
[BlackCountry "ENG"]
[WhiteElo "2031"]
[WhiteRD "79"]
[BlackElo "2469"]
[BlackRD "61"]
[GameID "401647"]

1. d4 Nf6 2. Nf3 g6 3. c4 Bg7 4. Nc3 O-O 5. g3 d5 6. cxd5 Nxd5 7. Bg2 c5 8. O-O Nc6 9. Nxd5 Qxd5 10. Be3 Qc4
11. d5 Nd4 12. Nxd4 cxd4 13. Rc1 Qb4 14. Bg5 Re8 15. b3 e5 16. dxe6 Bxe6 17. Bd2 Qe7 18. Bf4 Bg4 19. Qd2 Rac8 20. h3 Bxe2
21. Rxc8 Rxc8 22. Re1 Re8 23. Bxb7 Qxb7 24. Rxe2 Rxe2 25. Qxe2=
1/2-1/2

[Event "Darek Jacek Zaucha"]
[Site "SchemingMind.com"]
[Date "2016.07.21"]
[Round "-"]
[White "frankly"]
[Black "John Hamer"]
[Result "1-0"]
[WhiteCountry "ENG"]
[BlackCountry "ENG"]
[WhiteElo "2469"]
[WhiteRD "61"]
[BlackElo "2031"]
[BlackRD "79"]
[GameID "401648"]

1. e4 c6 2. d4 g6 3. Nc3 Bg7 4. Nf3 d5 5. h3 Nh6 6. Bf4 O-O 7. Qd2 dxe4 8. Nxe4 Nf5 9. c3 Nd7 10. Bd3 Nb6
11. h4 Qd5 12. b3 f6 13. Qc2 e5 14. dxe5 fxe5 15. Bh2 a5 16. h5 gxh5 17. O-O h4 18. Rfe1 Qd8 19. Neg5 h6 20. Nh3 Nd6
21. Nxe5 Bf5 22. Bxf5 Nxf5 23. Ng6 Rf7 24. Be5 Nd5 25. Rad1 Qc8 26. c4 Nb4 27. Qe2 Ra6 28. Bxg7 Rxg7 29. Ng5 hxg5 30. Qh5 Ra8
31. Rd7 Qxd7 32. Qh8+ Kf7 33. Ne5+ Ke6 34. Nxd7+
1-0

[Event "Darek Jacek Zaucha"]
[Site "SchemingMind.com"]
[Date "2016.08.23"]
[Round "-"]
[White "JAHI"]
[Black "Scooter"]
[Result "1-0"]
[WhiteCountry "INT"]
[BlackCountry "USA"]
[WhiteElo "2012"]
[WhiteRD "61"]
[BlackElo "1693"]
[BlackRD "56"]
[GameID "402886"]

1. g3 d5 2. Bg2 Nf6 3. c3 g6 4. a3 Bg7 5. a4 O-O 6. b3 c5 7. Na3 Nc6 8. Nc2 e5 9. Ba3 b6 10. Rc1 Re8
11. Ne3 Bb7 12. Nf3 e4 13. Ng5 h6 14. Nh3 Qc7 15. Nf4 Rad8 16. c4 d4 17. Ned5 Nxd5 18. Nxd5 Qb8 19. Rb1 Na5 20. f3 Bxd5
21. cxd5 Rxd5 22. fxe4 Rde5 23. Qc2 Nb7 24. Bc1 Nd6 25. d3 f5 26. Bf4 R5e6 27. b4 cxb4 28. Rxb4 fxe4 29. Bxe4 g5 30. Bxd6 Qxd6
31. Qc4 Kh8 32. Rb5 Qa3 33. Rf1 Qa1+ 34. Kf2 Rf6+ 35. Rf5 Rxf5+ 36. Bxf5 Qb2 37. Bg4 Rf8+ 38. Kg1 Rxf1+ 39. Kxf1 Qc3 40. Qe6 Qc1+
41. Kg2 Qc5 42. Qd7 a5 43. Bf3 Qf8 44. Qc7 Qc5 45. Qd8+ Bf8 46. Qf6+ Bg7 47. Qe6 b5 48. axb5 Qxb5 49. Qc8+
1-0

[Event "Darek Jacek Zaucha"]
[Site "SchemingMind.com"]
[Date "2016.08.23"]
[Round "-"]
[White "Scooter"]
[Black "JAHI"]
[Result "0-1"]
[WhiteCountry "USA"]
[BlackCountry "INT"]
[WhiteElo "1777"]
[WhiteRD "56"]
[BlackElo "2051"]
[BlackRD "62"]
[GameID "402887"]

1. d4 g6 2. Nf3 Bg7 3. Bf4 c6 4. e4 a6 5. Be2 a5 6. O-O b6 7. Nbd2 Na6 8. a3 h6 9. Rc1 h5 10. Bc4 b5
11. Bb3 Bb7 12. Ng5 Nh6 13. h3 Bxd4
0-1

[Event "Darek Jacek Zaucha"]
[Site "SchemingMind.com"]
[Date "2016.09.02"]
[Round "-"]
[White "frankly"]
[Black "Helga1946"]
[Result "1-0"]
[WhiteCountry "ENG"]
[BlackCountry "GER"]
[WhiteElo "2492"]
[WhiteRD "59"]
[BlackElo "2247"]
[BlackRD "77"]
[GameID "403069"]

1. e4 e5 2. Nf3 Nc6 3. Bb5 Bc5 4. O-O Nf6 5. c3 O-O 6. d4 Bb6 7. Bg5 a6 8. Bxc6 dxc6 9. Nxe5 c5 10. d5 Qe7
11. Bxf6 Qxf6 12. Nf3 Bg4 13. Nbd2 Rfe8 14. h3 Bxf3 15. Qxf3 Qxf3 16. gxf3 Rad8 17. Nc4 Ba7 18. Kg2 Rd7 19. Rad1 f6 20. Rfe1 Rb8
21. f4 Rbd8 22. Rd2 Bb8 23. Red1 c6 24. dxc6 Rxd2 25. Rxd2 Rxd2 26. Nxd2 bxc6 27. f5 Kf7 28. Nb3 Bd6 29. Kf3 Ke7 30. Ke2 Kd7
31. Kd3 Kc7 32. Kc4 Kb6 33. Nc1 a5 34. Nd3 a4 35. f4 Bf8 36. e5 Be7 37. Nf2 h5 38. Ne4 h4 39. a3 Bf8 40. exf6 gxf6
41. Nxf6 Kc7 42. Nh7 Bh6 43. f6 Kd6 44. f7
1-0

[Event "Darek Jacek Zaucha"]
[Site "SchemingMind.com"]
[Date "2016.09.02"]
[Round "-"]
[White "Helga1946"]
[Black "frankly"]
[Result "0-1"]
[WhiteCountry "GER"]
[BlackCountry "ENG"]
[WhiteElo "2247"]
[WhiteRD "77"]
[BlackElo "2492"]
[BlackRD "59"]
[GameID "403070"]

1. e4 c5 2. Nf3 Nc6 3. Nc3 g6 4. d4 cxd4 5. Nxd4 Bg7 6. Nxc6 bxc6 7. Bc4 d6 8. O-O Nf6 9. Qe2 O-O 10. Rd1 Qa5
11. Bb3 Ba6 12. Qf3 Rab8 13. Rd4 Qc7 14. Ra4 Bb5 15. Ra3 Nd7 16. Bd2 Nc5 17. Rd1 a5 18. Nxb5 Rxb5 19. Bc1 a4 20. Bxa4 Rxb2
21. Bb3 Rb1 22. Be3 Rxd1+ 23. Qxd1 Nxe4 24. Ra7 Qd8 25. a4 d5 26. a5 d4 27. Bf4 d3 28. Qxd3 Bd4 29. Qxe4 Bxa7 30. Qe1 e5
31. Bh6 Re8 32. Qd2 Bc5 33. Qxd8 Rxd8 34. g3 Rd1+ 35. Kg2 Ra1 36. Bd2 Bd4 37. Bc4 e4 38. h4 Kg7 39. g4 h5 40. gxh5 gxh5
41. a6 Ra4 42. Be2 Ra2 43. Be3 Bxe3 44. fxe3 Rxc2 45. Kf2 Ra2 46. Ke1 f5 47. Bc4 Ra4 48. Be2 Kf6 49. Kd1 Ra3 50. Kd2 Ra2+
51. Kd1 Ke5 52. Bc4 Ra4 53. Be2 Ra3 54. Kd2 Ra2+ 55. Ke1 f4 56. exf4+ Kxf4 57. Bc4 Ra4 58. Bf7 e3 59. Bxh5 Rxa6
0-1

[Event "Darek Jacek Zaucha"]
[Site "SchemingMind.com"]
[Date "2016.09.15"]
[Round "-"]
[White "Quaff"]
[Black "emvarela"]
[Result "0-1"]
[WhiteCountry "ENG"]
[BlackCountry "ARG"]
[WhiteElo "1595"]
[WhiteRD "69"]
[BlackElo "1712"]
[BlackRD "55"]
[GameID "403855"]

1. e4 e5 2. Nf3 Nc6 3. Bb5 a6 4. Bxc6 dxc6 5. h3 Nf6 6. d3 Bd6 7. Bg5 h6 8. Bh4 g5 9. Bg3 Be6 10. a3 Nd7
11. Nh2 h5 12. f3 h4 13. Bf2 f5 14. exf5 Bxf5 15. Nc3 Qf6 16. Ne4 Bxe4 17. dxe4 O-O-O 18. Qe2 Bc5 19. O-O-O Bxf2 20. Qxf2 Qf4+
21. Kb1 Nb6 22. Ng4 Rxd1+ 23. Rxd1 Rd8 24. Rxd8+ Kxd8 25. Qe2 Ke7 26. Qe3 Qxe3 27. Nxe3 Ke6 28. b3 Nd7 29. c4 b5 30. cxb5 cxb5
31. Kc2 Nb6 32. Kc3 c5 33. Kd3 a5 34. Kc3 b4+ 35. axb4 cxb4+ 36. Kd3 Kd6 37. Nc4+ Nxc4 38. Kxc4 Kc6 39. Kd3 Kb5 40. Kc2 a4
41. bxa4+ Kxa4 42. Kb2 b3 43. Kb1 Ka3 44. Ka1 b2+ 45. Kb1 Kb3
0-1

[Event "Darek Jacek Zaucha"]
[Site "SchemingMind.com"]
[Date "2016.09.15"]
[Round "-"]
[White "emvarela"]
[Black "Quaff"]
[Result "0-1"]
[WhiteCountry "ARG"]
[BlackCountry "ENG"]
[WhiteElo "1712"]
[WhiteRD "55"]
[BlackElo "1595"]
[BlackRD "69"]
[GameID "403856"]

1. e4 e5 2. Nf3 Nc6 3. Bb5 d6 4. d4 exd4 5. Qxd4 Bd7 6. Bxc6 Bxc6 7. Nc3 Qd7 8. O-O f6 9. Nd5 Bxd5 10. exd5 b6
11. c4 Ne7 12. Bd2 Ng6 13. Rfe1+ Be7 14. Re2 O-O 15. Rae1 Bd8 16. b4 a6 17. Bc3 Ne5 18. Nxe5 fxe5 19. Qd3 Bf6 20. Re4 Qf5
21. Qg3 Rf7 22. Qg4 Bg5 23. Qxf5 Rxf5 24. g3 Rf3 25. Bb2 Bd2 26. R1e2 Bxb4 27. Kg2 Rf7 28. Bc1 Bc5 29. f4 exf4 30. Rxf4 Rxf4
31. Bxf4 Rf8 32. Re7 Rf7 33. Re8+ Rf8 34. Re7 Rf7 35. Re8+ Rf8 36. Rxf8+ Kxf8 37. a4 Kf7 38. Bg5 a5 39. Kf3 h6 40. Be3 Bxe3
41. Kxe3 Kf6 42. Kf4 g6 43. h4 Kg7 44. g4 Kf6 45. h5 gxh5 46. gxh5 Ke7 47. Kg4 Kd7 48. Kf5 c6 49. Kg6 cxd5 50. cxd5 b5
51. axb5 a4
0-1

[Event "Darek Jacek Zaucha"]
[Site "SchemingMind.com"]
[Date "2017.01.13"]
[Round "-"]
[White "emvarela"]
[Black "JAHI"]
[Result "0-1"]
[WhiteCountry "ARG"]
[BlackCountry "INT"]
[WhiteElo "1724"]
[WhiteRD "55"]
[BlackElo "2062"]
[BlackRD "61"]
[GameID "409132"]

1. e4 g6 2. d4 Bg7 3. Nc3 d6 4. Nf3 e6 5. Bd3 d5 6. e5 b6 7. O-O Bb7 8. Be3 Nd7 9. a3 Ne7 10. Qd2 h6
11. Ne2 Nf5 12. c3 Nxe3 13. fxe3 Qe7 14. Ng3 h5 15. e4 h4 16. Nh1 dxe4 17. Bxe4 Bxe4 18. Qe3 Bd5 19. Nd2 Bh6 20. Qe2 Qg5
0-1

[Event "Darek Jacek Zaucha"]
[Site "SchemingMind.com"]
[Date "2017.01.10"]
[Round "-"]
[White "JAHI"]
[Black "emvarela"]
[Result "1-0"]
[WhiteCountry "INT"]
[BlackCountry "ARG"]
[WhiteElo "2084"]
[WhiteRD "63"]
[BlackElo "1720"]
[BlackRD "56"]
[GameID "409133"]

1. g3 d5 2. Bg2 e5 3. d3 Nf6 4. e3 c5 5. d4 e4 6. b3 Nc6 7. Bb2 cxd4 8. exd4 Bd6 9. Nd2 O-O 10. Ne2 Bg4
11. h3 Bxe2 12. Qxe2 Qb6 13. c3 Rfe8 14. Qe3 Re7 15. a3 Rae8 16. c4 dxc4 17. Nxc4 Qc7 18. Rd1 Nd5 19. Qg5 Nf6 20. d5 Ne5
21. Bxe5 Bxe5 22. d6 Bxd6 23. Rxd6 Re6 24. Rxe6 Rxe6 25. a4 e3 26. fxe3 h6 27. Qf4
1-0

[Event "Darek Jacek Zaucha"]
[Site "SchemingMind.com"]
[Date "2017.03.02"]
[Round "-"]
[White "JAHI"]
[Black "frankly"]
[Result "0-1"]
[WhiteCountry "INT"]
[BlackCountry "ENG"]
[WhiteElo "2102"]
[WhiteRD "71"]
[BlackElo "2531"]
[BlackRD "59"]
[GameID "411095"]

1. c3 d5 2. d3 e5 3. d4 e4 4. e3 Nf6 5. c4 c6 6. Nc3 Bd6 7. Bd2 O-O 8. c5 Bc7 9. b3 Ng4 10. Be2 h5
11. b4 a6 12. h3 Nxf2 13. Kxf2 Qh4+ 14. Kf1 Qf6+ 15. Nf3 exf3 16. Bxf3 Be6 17. Kg1 h4 18. Qe2 Nd7 19. Rf1 Qd8 20. Qf2 f5
21. Be1 g5 22. Bh5 Nf6 23. Bd1 Qe7 24. Qe2 Rae8 25. Bc2 Ne4 26. Nxe4 dxe4 27. Bc3 Qg7 28. Bb3 Bxb3 29. axb3 f4 30. Bd2 Re6
31. Be1 fxe3 32. Qxe3 Rxf1+ 33. Kxf1 Qf7+ 34. Kg1 Bf4 35. Qe2 e3 36. g3 Bxg3 37. Kg2 Qf4 38. Rf1 Qe4+ 39. Kg1 Bxe1 40. Rxe1 Kg7
41. Rf1 Rf6 42. Rxf6 Kxf6 43. b5 axb5 44. Qf1+ Kg7 45. Qe2 Qxd4 46. Kf1 Qf4+ 47. Ke1 Qg3+ 48. Kd1 Qxh3 49. Kc1 Qe6 50. Qe1 Qxb3
51. Qg1 Qc3+ 52. Kb1 Qb4+ 53. Ka1 Qxc5 54. Kb1 Qb4+ 55. Ka1 Qd4+ 56. Kb1 g4 57. Qe1 g3 58. Qe2 h3 59. Qe1 g2 60. Qg3+ Kf7
61. Ka2 e2 62. Qf3+ Ke7 63. Qxe2+ Kd6 64. Qe8 g1=Q 65. Qb8+ Kc5 66. Qa7+ Kc4 67. Qxd4+ Kxd4 68. Kb3 Qb1+ 69. Ka3 Qc2 70. Kb4 Qc3#
0-1